Szczegóły MARC21

Phraseologie der deutschen Gegenwartssprache /

003 -Nazwa inst., której nr kontr. jest w polu 001 [,]
    • @
    • Nazwa instytucji, której n kontrolny jest w polu 001
    • NUKAT
005 -DATA I CZAS OSTATNIEJ MODYFIKACJI [,]
    • @
    • pole kontrolne
    • 20241231114755.0
040 -Instytucja sporządzająca opis [ , ]
    • a
    • Instytucja, która sporządziła opis (NP)
    • LUBL KUL/me
    • c
    • Instytucja, która sporządziła rekord (NP)
    • LUBL KUL/me
    • d
    • Instytucja, która zmodyfikowała rekord (P)
    • LUBL KUL/JP
    • d
    • Instytucja, która zmodyfikowała rekord (P)
    • K AT U/46MMs
    • d
    • Instytucja, która zmodyfikowała rekord (P)
    • OLSZT 003/WO
942 -Rodzaj dokumentu [ , ]
    • c
    • Rodzaj dokumentu
    • Książka
100 -Hasło główne - nazwa osobowa [1, ]
    • a
    • Nazwa osobowa (NP)
    • Fleischer, Wolfgang
    • d
    • Daty biograficzne (NP)
    • (1922-1999).
    • 9
    • KHW
    • 72028
245 -Strefa tytułu i oznaczenia odpowiedzialności [1,0]
    • a
    • Tytuł
    • Phraseologie der deutschen Gegenwartssprache / Find
    • c
    • Pozostałe elementy strefy tytułu i oznaczenia odpowiedzialności (NP)
    • Wolfgang Fleischer.
250 -Strefa wydania [ , ]
    • a
    • Oznaczenie wydania (NP)
    • 1. Aufl., 1.-8. Tsd.
260 -Strefa adresu wydawniczego [ , ]
    • a
    • Miejsce wydania (P)
    • Leipzig :
    • b
    • Nazwa wydawcy (P)
    • VEB Bibliographisches Institut,
    • c
    • Data wydania (P)
    • 1982.
300 -Strefa opisu fizycznego [ , ]
    • a
    • Określenie formy książki i/lub objętość (NP)
    • 250 s. ;
    • c
    • Format (NP)
    • 22 cm.
336 -Typ zawartości [ , ]
    • a
    • Termin opisujący typ zawartości
    • Tekst
    • b
    • Kod określający zawartość
    • txt
    • 2
    • Źródło (terminu i kodu)
    • rdacontent
337 -Typ mediów [ , ]
    • a
    • Tryb odtwarzania
    • Bez urządzenia pośredniczącego
    • b
    • Kod typu mediów
    • n
    • 2
    • Źródło (terminu i kodu)
    • rdamedia
338 -Typ/rodzaj nośnika [ , ]
    • a
    • Hasło opisujące typ nośnika
    • Wolumin
    • b
    • Kod typu nośnika
    • nc
    • 2
    • Źródło (terminu i kodu)
    • rdacarrier
504 -Uwaga dot. bibliogr. załącznikowej [ , ]
    • a
    • Uwaga dot. bibliografii załącznikowej
    • Literatur-und Quellenverzeichnis s. 233-243. Indeks.
080 -Uniwersalna Klasyfikacja Dziesiętna [ , ]
    • 2
    • Identyfikator wydania tablic
    • UDC-P058
    • 9
    • UKD
    • 9723
    • a
    • Symbol klasyfikacji
    • 811.112.2'373.7
    • b
    • Dopowiedzenie
    • Język niemiecki. - Frazeologia.
    • 4
    • UKD2
    • 7665
    • x
    • Poddział wspólny
    • (075.8)
    • c
    • Dopowiedzenie poddz. wspólnego
    • (Podręczniki dla szkół wyższych. Skrypty).
    • 4
    • UKD2
    • 7631
    • x
    • Poddział wspólny
    • =112.2
    • c
    • Dopowiedzenie poddz. wspólnego
    • =Język niemiecki (wysokoniemiecki, standardowy niemiecki).
650 -Hasło przedmiotowe [ ,7]
    • a
    • Hasło przedmiotowe
    • Język niemiecki
    • x
    • Określnik rzeczowy
    • frazeologia.
    • 2
    • Źródło terminu
    • kaba
    • 9
    • KHW
    • 386398
980 -Symbol UKD [ , ]
    • a
    • UKD
    • 811.112.2’373.7(075.8)=112.2
710 -Hasło dodatkowe - nazwa ciała zbiorowego [2, ]
    • a
    • Nazwa ciała zbiorowego lub nazwa geograficzna jako pierwszy element (NP)
    • Bibliographisches Institut (Lipsk).
    • 4
    • Kod relacji
    • pbl
    • 9
    • KHW
    • 51825
Numer inwentarzowy Lokalizacja Sygnatura Status udost. Data inwentaryzacji
Z.55504BG 1 
W.125779BG -3 
W.122202BG 22009-06-01
G.3127BM 1 
G.7541BMGerm. Frazeologia 01-3